000 00232nam a2200085Ia 4500
008 170620s9999 xx 000 0 und d
100 _aChaube- S.P
245 0 _aEducational Ideals of the Great in India
260 _bNew Delhi- Neelkamal Pvt. Ltd.
260 _c2011
999 _c25393
_d25393